Wer wird Millionär - Alle Promis - Statistiken

Allgemein
  • Dieses Quiz wurde 68 mal gespielt
  • Das Durchschnittsergebnis liegt bei 50 aus 225
Antwortstatistiken
Folge Promi % Korrekt
2 Thomas Gottschalk
79%
17 Thomas Gottschalk
79%
ZS Thomas Gottschalk
79%
16 Oliver Pocher
70%
ZS Oliver Pocher
70%
44 Oliver Pocher
70%
13 Anke Engelke
66%
15 Anke Engelke
66%
JS Anke Engelke
66%
24 Anke Engelke
66%
30 Anke Engelke
66%
34 Anke Engelke
66%
40 Anke Engelke
66%
ZS Anke Engelke
66%
44 Amira Pocher
64%
12 Günther Jauch
60%
25 Günther Jauch
60%
37 Nelson Müller
60%
6 Barbara Schöneberger
57%
12 Barbara Schöneberger
57%
22 Barbara Schöneberger
57%
ZS Barbara Schöneberger
57%
21 Ina Müller
57%
5 Bastian Pastewka
55%
34 Elton
55%
31 Richy Müller
55%
4 Hape Kerkeling
53%
JS Hape Kerkeling
53%
1 Harald Schmidt
49%
11 Harald Schmidt
49%
2 Dirk Bach
47%
PD Dirk Bach
47%
14 Dieter Bohlen
45%
24 Horst Lichter
45%
40 Horst Lichter
45%
4 Sonja Zietlow
43%
PD Sonja Zietlow
43%
36 Chris Tall
40%
42 Chris Tall
40%
2 Heidi Klum
40%
1 Hella von Sinnen
40%
23 Manuel Neuer
40%
1 Ottfried Fischer
40%
30 Markus Lanz
38%
32 Ralf Schmitz
38%
45 Ralf Schmitz
38%
29 Wigald Boning
38%
LDS Motsi Mabuse
36%
7 Til Schweiger
36%
9 Bernhard Hoëcker
34%
12 Tim Mälzer
34%
38 Tim Mälzer
34%
19 Atze Schröder
32%
18 Cindy aus Marzahn
32%
25 Cindy aus Marzahn
32%
45 Cindy aus Marzahn
32%
LDS Joachim Llambi
32%
LDS Jorge Gonzalez
32%
10 Mario Barth
32%
26 Kristina Schröder
30%
30 Lukas Podolski
28%
25 Michael Kessler
28%
6 Thomas Anders
28%
19 Daniel Hartwich
26%
24 Daniel Hartwich
26%
36 Götz Otto
26%
27 Lena Gercke
26%
33 Mark Forster
26%
11 Martin Schneider
26%
3 Michael Mittermeier
26%
23 Michael Mittermeier
26%
35 Michael Mittermeier
26%
12 Rudi Völler
26%
26 Steffen Henssler
26%
41 Steffen Henssler
26%
44 Torsten Sträter
26%
10 Verona Pooth
26%
6 Johannes B. Kerner
23%
41 Johannes B. Kerner
23%
NMS Joshua Kimmich
23%
3 Mike Krüger
23%
13 Ralf Schumacher
23%
28 Waldemar Hartmann
23%
28 Wolfgang Bosbach
23%
34 Wolfgang Bosbach
23%
28 Carmen Geiss
21%
31 Carolin Kebekus
21%
33 Frank Buschmann
21%
32 Laura Wontorra
21%
28 Robert Geiss
21%
20 Dieter Nuhr
19%
12 Horst Schlämmer
19%
32 Jörg Wontorra
19%
20 Jürgen Vogel
19%
14 Jürgen von der Lippe
19%
42 Jürgen von der Lippe
19%
35 Matthias Opdenhövel
19%
NMS Oliver Bierhoff
19%
30 Paul Panzer
19%
24 Sylvie van der Vaart
19%
45 Bushido
17%
4 Gabi Bauer
17%
15 Kaya Yanar
17%
2 Norbert Blüm
17%
26 Olivia Jones
17%
9 Reiner Calmund
17%
44 Reiner Calmund
17%
38 Sophia Thomalla
17%
PD Uwe Ochsenknecht
17%
19 Andrea Kiewel
15%
43 Andrea Kiewel
15%
21 Bülent Ceylan
15%
20 Fabian Hambüchen
15%
23 Gaby Köster
15%
42 Guido Cantz
15%
40 Ilka Bessin
15%
17 Inka Bause
15%
43 Jan Köppen
15%
21 Jens Lehmann
15%
NMS Leon Goretzka
15%
43 Max Mutzke
15%
8 Oliver Kalkofe
15%
PD Oliver Kalkofe
15%
6 Rudi Carrell
15%
PD Wilson Gonzalez Ochsenknecht
15%
20 Wolfgang Hambüchen
15%
43 Bastian Bielendorfer
13%
6 Claudia Roth
13%
40 Henning Baum
13%
8 Henry Maske
13%
31 Jens Riewa
13%
1 Katy Karrenbauer
13%
JS Marcel Reif
13%
18 Matthias Steiner
13%
26 Olli Dittrich
13%
36 Olli Dittrich
13%
35 Ruth Moschner
13%
7 Sandra Maischberger
13%
29 Sandra Maischberger
13%
38 Smudo
13%
39 Thomas Hermanns
13%
35 Ehrlich Brothers
11%
37 Judith Williams
11%
NMS Niklas Süle
11%
9 Nina Hagen
11%
27 Olaf Schubert
11%
1 a Peter Kloeppel
11%
13 Peter Kloeppel
11%
34 Richard David Precht
11%
33 Tim Raue
11%
14 Cordula Stratmann
9%
15 Frank Plasberg
9%
17 Franziska van Almsick
9%
27 Guido Maria Kretschmer
9%
45 Ingo Zamperoni
9%
38 Julius Brink
9%
3 Lilo Wanders
9%
23 Maite Kelly
9%
31 Martin Rütter
9%
39 Sebastian Fitzek
9%
7 Ulla Kock am Brink
9%
10 Walter Sittler
9%
27 Wolfgang Kubicki
9%
8 Yvonne Catterfeld
9%
7 Bernd Stelter
6%
15 Christian Rach
6%
28 Christoph Daum
6%
19 David Garrett
6%
25 Felix Magath
6%
24 Gloria von Thurn und Taxis
6%
5 Hannes Jaenicke
6%
39 Hubertus Heil
6%
5 Jochen Busse
6%
5 Joy Fleming
6%
33 Julia Klöckner
6%
NMS Kevin Trapp
6%
5 Maria Furtwängler
6%
13 Maria Furtwängler
6%
22 Maria Höfl-Riesch
6%
41 Michael Stich
6%
22 Steffen Hallaschka
6%
21 Stephanie zu Guttenberg
6%
11 Tine Wittler
6%
4 Alfred Biolek
4%
8 Alice Schwarzer
4%
JS Alice Schwarzer
4%
18 Daniel Schuhmacher
4%
32 Eckart von Hirschhausen
4%
7 Elke Heidenreich
4%
11 Eva Padberg
4%
9 Heide Simonis
4%
17 Jacob Sisters
4%
4 Jasmin Tabatabai
4%
39 Jeanette Biedermann
4%
25 Jürgen Drews
4%
27 Khatera Yusufi
4%
3 Kim Fisher
4%
29 Matze Knop
4%
18 Peter Zwegat
4%
2 Petra Gerster
4%
16 Reinhold Beckmann
4%
10 Reinhold Messner
4%
3 Rezzo Schlauch
4%
20 Sarah Wiener
4%
32 Stefan Kretzschmar
4%
PD Achim Mentzel
2%
16 Andrea Ypsilanti
2%
9 André Rieu
2%
37 Armin Rohde
2%
36 Dunja Hayali
2%
42 Evi Sachenbacher-Stehle
2%
30 Holger Stromberg
2%
29 Jenke von Wilmsdorff
2%
11 Jürgen Rüttgers
2%
10 Katharina Saalfrank
2%
NMS Lukas Klostermann
2%
16 Michaela Schaffrath
2%
41 Ralf Rangnick
2%
41 Sabrina Mockenhaupt
2%
18 Sarah Kreuz
2%
37 Sasha
2%
44 Sasha
2%
14 Silvana Koch-Mehrin
2%
8 Steffen Seibert
2%
22 Wildecker Herzbuben
2%
Keine übereinstimmenden Quizze gefunden
Verteilung der Resultate
Anzahl Personen mit jedem Resultat
Perzentil nach korrekt beantworteten Fragen
Ihre Resultats-Entwicklung
Sie haben dieses Quiz noch nicht gespielt